00341nam a2200133Ia 4500008004100000041000800041082001600049100001900065245004500084250001400129260002900143300002400172365001100196240624s9999 xx 000 0 und d aeng a658.406 BRO aBROWN DONALD R aEXPERIENTIAL APPROACH TO ORGANIZATION DE a(8th ed.) c2014aNew DelhibPearson a429 : p. : cm. ; 26 cRSb33